000 00463nam a2200157Ia 4500
999 _c12287
_d12287
003 OSt
005 20201015093508.0
008 190216s9999||||xx |||||||||||||| ||und||
040 _coclc
082 _a818.5203
_bHEM/M
100 _aHemingway, Ernest
_95210
245 2 _aA Moveable Feast /
_cErnest Hemingway
260 _bA National General Company,
_c1970.
_aUSA:
300 _a209p
942 _cBK
_2ddc
_h818.5203
_iHEM/M
_k818.5203
_mHEM/M